WHAT IS A SACRAMENT? (Record no. 6610)
[ view plain ]
| 000 -LEADER | |
|---|---|
| fixed length control field | 00344nam a22001337a 4500 |
| 005 - DATE AND TIME OF LATEST TRANSACTION | |
| control field | 20250620130606.0 |
| 008 - FIXED-LENGTH DATA ELEMENTS--GENERAL INFORMATION | |
| fixed length control field | 250620b |||||||| |||| 00| 0 eng d |
| 050 ## - LIBRARY OF CONGRESS CALL NUMBER | |
| Classification number | BR936 |
| Item number | .S8613 STR |
| 100 ## - MAIN ENTRY--PERSONAL NAME | |
| Personal name | PIAULT BERNARD |
| 245 ## - TITLE STATEMENT | |
| Title | WHAT IS A SACRAMENT? |
| 260 ## - PUBLICATION, DISTRIBUTION, ETC. | |
| Place of publication, distribution, etc. | NEW YORK |
| Name of publisher, distributor, etc. | HAWTHORN BOOKS PUBLISHERS |
| Date of publication, distribution, etc. | c1963 |
| 300 ## - PHYSICAL DESCRIPTION | |
| Extent | 174p |
| 942 ## - ADDED ENTRY ELEMENTS (KOHA) | |
| Source of classification or shelving scheme | Library of Congress Classification |
| Koha item type | Books |
| Suppress in OPAC | No |
| 999 ## - | |
| -- | 6610 |
| -- | 6610 |
| Withdrawn status | Lost status | Source of classification or shelving scheme | Damaged status | Not for loan | Collection | Home library | Current library | Shelving location | Date acquired | Total checkouts | Full call number | Barcode | Date last seen | Copy number | Price effective from | Koha item type |
|---|---|---|---|---|---|---|---|---|---|---|---|---|---|---|---|---|
| Library of Congress Classification | Non-fiction | Undergraduate Library (Christ Temple) | Undergraduate Library (Christ Temple) | General stacks | 06/20/2025 | BR936.58613 STR | ulct00003467 | 06/20/2025 | 1 | 06/05/2025 | Books |